00436nam a2200169 a 450000100060000000300090000600800410001504000280005608200090008410000210009324500620011425000070017626000270018330000140021049000190022465000230024311441CO-ViMGA141112s2004 ck r 000 u spa d aCO-ViMGAbspacCO-ViMGA04aCORa1 aCordova, Isadora10aAda nunca tiene miedo / cCordova Isadora , Lucini Chata  a5a aMadrid : bS.M, c1984 a31 p : il aLos piratas, 514aCUENTOS INFANTILES